|
|
|
|
| LEADER |
00812nam a22002171 4500 |
| 001 |
c000201772 |
| 003 |
CARM |
| 005 |
20021125001900.0 |
| 008 |
851113s1924 sp 0 spa d |
| 019 |
1 |
|
|a 27944899
|z 4122042
|5 LACONCORD2021
|
| 035 |
|
|
|a (OCoLC)3564146
|5 LACONCORD2021
|
| 100 |
1 |
|
|a Castro, Americo.
|
| 245 |
1 |
0 |
|a Lengua, ensenanza y literatura :
|b esbozos.
|
| 260 |
|
|
|a Madrid :
|b V.Suarez,
|c 1924.
|
| 440 |
|
0 |
|a Biblioteca espanola de divulgacion cientifica ;
|v 5
|
| 650 |
|
0 |
|a Spanish literature
|x Study and Teaching.
|
| 650 |
|
0 |
|a Spanish language.
|
| 852 |
8 |
|
|b CARM
|h A2:AN32A0
|i A03378
|p 0302171
|f BK
|
| 082 |
0 |
4 |
|a 860
|
| 999 |
f |
f |
|i e37aba22-d75a-5b25-82ea-044b23c06432
|s 87b44487-f6ee-5fab-9a66-7ac740d86656
|
| 952 |
f |
f |
|p Can circulate
|a CAVAL
|b CAVAL
|c CAVAL
|d CARM 1 Store
|e A03378
|f A2:AN32A0
|h Other scheme
|i book
|m 0302171
|